000 00551cam a22002053a 4500
001 42448
003 PGUSA
005 20140828083948.0
008 130331s2013||||xxu|||||s|||||000 | eng d
040 _aPGUSA
_beng
042 _adc
100 1 _aLopez, Sabatino
245 1 0 _aLa distanza
_h[electronic resource] /
_cSabatino Lopez
260 _bProject Gutenberg,
_c2013
506 _aPublic domain in the USA.
516 _aElectronic text
830 0 _aProject Gutenberg
_v42448
856 4 0 _uhttp://www.gutenberg.org/ebooks/42448
942 _cEB
999 _c271700
_d271700